000 00713nam 22002053 4500
001 201613
010 _a88-7741-405
090 _a201613
100 _a20260401d u||y0pory50 ba
200 _aPer una interpretazione di «The scarlet letter: a romance» di Nathaniel Hawthorne
_fAngelo Cecchini
210 _aPisa
_cETS EDITRICE
_dcop. 1989
215 _a113, [3] p.
_cbrochado
_d21 cm
225 _aPoiesis e critica mitica
_h11
300 _apublicação em italiano com excertos em inglês da obra referida no titulo
606 _93661
_aCrítica Literária.Estudos Literários
675 _a82.09
_vIT
_zita
700 _917031
_aCecchini
_bAngelo
_f1950-
801 _aPT
_bBMMN
_gRPC
830 _cVanda
990 _cLIVROS